| 000 | 00845naa a2200253 u 4500 | ||
|---|---|---|---|
| 001 | 06363 | ||
| 003 | HDC | ||
| 007 | cr bn|---aauu| | ||
| 008 | 210123e2008 xx | a z000 s eng d | ||
| 040 | _aHDC | ||
| 100 |
_aYBhg Datuk Jamil Bidin _96727 |
||
| 245 | 0 |
_aPRESS CONFERENCE: _bTHE WORLD HALAL FORUM 2007 / _cby YBhg Datuk Jamil Bidin |
|
| 260 |
_a[No place] : _b[publisher not identified], _c2006 |
||
| 300 | _a4 pages | ||
| 336 |
_atext _2rdacontent |
||
| 337 |
_acomputer _2rdamedia |
||
| 338 |
_aonline resource _2rdacarrier |
||
| 650 |
_aHalal forum _96724 |
||
| 650 |
_aHalal Industry _9144 |
||
| 650 |
_aHalal Market _9582 |
||
| 856 | _zRequest full-text at [email protected] | ||
| 942 | _2lcc | ||
| 942 | _cSPE | ||
| 999 |
_c3687 _d3687 |
||